|
|
|
|
| LEADER |
00000nam a2200000 a 4500 |
| 001 |
UCX9488 |
| 003 |
CL-VaPUC |
| 008 |
940609e19480000AG |||||||||||||||||spa|d |
| 082 |
0 |
4 |
|a 980
|b IAC
|2 21
|
| 100 |
0 |
|
|a Iacobucci, Guillermo C
|e author
|9 326901
|
| 245 |
1 |
0 |
|a Fastos americanos: un libro argentino para la hermandad americana
|
| 300 |
|
|
|a 430 p
|
| 942 |
|
|
|c BK
|
| 945 |
|
|
|d 19940609 00:00:00
|a oaravena
|
| 260 |
|
|
|a Buenos Aires
|b Kapelusz
|c 1948
|
| 650 |
|
0 |
|a Emblemas nacionales
|9 265035
|
| 650 |
|
0 |
|a Historia
|9 255047
|
| 651 |
|
0 |
|a América
|9 255182
|
| 583 |
|
|
|a last modification
|c 19940609 00:00:00
|k Rodrigo Vera
|
| 999 |
|
|
|c 228710
|d 228708
|
| 952 |
|
|
|0 0
|1 0
|4 0
|6 980_000000000000000_IAC_1948
|7 0
|8 A
|9 229086
|a BIBEDU
|b BIBEDU
|d 2019-11-15
|i 2968983
|o 980 IAC 1948
|p 2968983
|r 2019-11-15
|w 2019-11-15
|y BK
|k LIT
|